Southville International School and Colleges
Your cart is empty.
  • Cart
  • Lists
    Public lists Eva Luna New books Lux_list list_1
    Your lists Log in to create your own lists
  • Log in to your account
  • Your cookies
  • Search history
Southville International School and Colleges
  • Advanced search
  • Recent comments
  • Most popular
  • Libraries

Log in to your account

Log in with GOOGLE


If you do not have an external account, but do have a local account, you can still log in:

  1. Home
  2. MARC view: The death of common sense :
Normal view MARC view ISBD view

The death of common sense : (Record no. 8689)

[ view plain ]
MARC details
000 -LEADER
fixed length control field 00668nam a22002297a 4500
003 - CONTROL NUMBER IDENTIFIER
control field SISC
005 - DATE AND TIME OF LATEST TRANSACTION
control field 20160401143114.0
008 - FIXED-LENGTH DATA ELEMENTS--GENERAL INFORMATION
fixed length control field 130815t xxu||||| |||| 00| 0 eng d
020 ## - INTERNATIONAL STANDARD BOOK NUMBER
International Standard Book Number 044667289
050 ## - LIBRARY OF CONGRESS CALL NUMBER
Classification number KF 384
Item number .H69 1196
082 ## - DEWEY DECIMAL CLASSIFICATION NUMBER
Classification number HS 349.73
Item number H83 1994
100 ## - MAIN ENTRY--PERSONAL NAME
Personal name Howard, Philip K.
9 (RLIN) 10737
245 ## - TITLE STATEMENT
Title The death of common sense :
Remainder of title how law is suffocating America /
Statement of responsibility, etc Philip K. Howard
260 ## - PUBLICATION, DISTRIBUTION, ETC. (IMPRINT)
Place of publication, distribution, etc New York :
Name of publisher, distributor, etc Warner Books,
Date of publication, distribution, etc c1996.
300 ## - PHYSICAL DESCRIPTION
Extent 213 p. :
Dimensions 21 cm.
650 ## - SUBJECT ADDED ENTRY--TOPICAL TERM
Topical term or geographic name as entry element Law
General subdivision US
9 (RLIN) 10738
650 ## - SUBJECT ADDED ENTRY--TOPICAL TERM
Topical term or geographic name as entry element Law reform
General subdivision US
9 (RLIN) 10739
650 ## - SUBJECT ADDED ENTRY--TOPICAL TERM
Topical term or geographic name as entry element Bureaucracy
General subdivision US
9 (RLIN) 10740
650 ## - SUBJECT ADDED ENTRY--TOPICAL TERM
Topical term or geographic name as entry element Common sense
9 (RLIN) 10741
942 ## - ADDED ENTRY ELEMENTS (KOHA)
Source of classification or shelving scheme Library of Congress Classification
Koha item type Books
Holdings
Withdrawn status Lost status Source of classification or shelving scheme Damaged status Home library Current library Shelving location Date acquired Total Checkouts Full call number Barcode Date last seen Copy number Price effective from Koha item type
    Library of Congress Classification   Luxembourg Library Luxembourg Library High School Section 08/15/2013   KF 384 .H69 1996 0389 04/01/2016 1 08/15/2013 Books

The death of common sense :

APA

Howard P. K., . (1996). The death of common sense. New York: Warner Books.

Chicago

Howard Philip K, . 1996. The death of common sense. New York: Warner Books.

Harvard

Howard P. K., . (1996). The death of common sense. New York: Warner Books.

MLA

Howard Philip K, . The death of common sense. New York: Warner Books. 1996.

  • Place hold
  • Print
  • Cite
  • Add to your cart (remove)
  • Save record
    BIBTEX Dublin Core MARCXML MARC (non-Unicode/MARC-8) MARC (Unicode/UTF-8) MARC (Unicode/UTF-8, Standard) MODS (XML) RIS
  • More searches
    Search for this title in:
    Other Libraries (WorldCat) Other Databases (Google Scholar) Online Stores (Bookfinder.com) Open Library (openlibrary.org)

Exporting to Dublin Core...

SOUTHVILLE LIBRARY

Southville International School and Colleges Library

1281 Tropical Ave. Cor. Luxembourg St., BF Homes International, Las Pinas City

Tel. No. 8256374 / 252358 Loc. 117/146

Powered by Koha